| 000 | 00559nam a2200241Ia 4500 | ||
|---|---|---|---|
| 999 |
_c126570 _d126570 |
||
| 003 | 0100 | ||
| 005 | 20170727090732.0 | ||
| 008 | 130303s9999 xx 000 0 und d | ||
| 040 | _cARRUPELIB | ||
| 050 | _aB808.5.G76 | ||
| 100 |
_aGross, Barry R _933610 |
||
| 245 | _aAnalytic philosophy | ||
| 245 | _ban historical introduction | ||
| 260 |
_bPegasus _aNew York _c1970 |
||
| 300 | _a245p. | ||
| 300 | _b 22cm. | ||
| 440 |
_aPegasus traditions in philosophy _933611 |
||
| 650 |
_aPHILOSOPHY _933612 |
||
| 650 |
_aAnalytic philosophy _933613 |
||
| 650 |
_cContemplation _933614 |
||
| 942 | 0 | 0 |
_03 _2lcc _cMONOGRAPH |